Think Python / (Record no. 592584)
[ view plain ]
| 000 -LEADER | |
|---|---|
| fixed length control field | 01689cam a22003737i 4500 |
| 001 - CONTROL NUMBER | |
| control field | 19258454 |
| 005 - DATE AND TIME OF LATEST TRANSACTION | |
| control field | 20221205093101.0 |
| 008 - FIXED-LENGTH DATA ELEMENTS--GENERAL INFORMATION | |
| fixed length control field | 160901s2016 caua 001 0 eng d |
| 010 ## - LIBRARY OF CONGRESS CONTROL NUMBER | |
| LC control number | 2016448127 |
| 020 ## - INTERNATIONAL STANDARD BOOK NUMBER | |
| International Standard Book Number | 9781491939369 |
| Qualifying information | (paperback) |
| 020 ## - INTERNATIONAL STANDARD BOOK NUMBER | |
| International Standard Book Number | 1491939362 |
| Qualifying information | (paperback) |
| 035 ## - SYSTEM CONTROL NUMBER | |
| System control number | (OCoLC)ocn919482363 |
| 038 ## - RECORD CONTENT LICENSOR | |
| Staff Name | M.Ramzan |
| 040 ## - CATALOGING SOURCE | |
| Original cataloging agency | BTCTA |
| Language of cataloging | eng |
| Transcribing agency | BTCTA |
| Description conventions | rda |
| Modifying agency | YDXCP |
| -- | BDX |
| -- | YEQ |
| -- | YYP |
| -- | JRZ |
| -- | OCLCF |
| -- | DLC |
| 042 ## - AUTHENTICATION CODE | |
| Authentication code | lccopycat |
| 050 00 - LIBRARY OF CONGRESS CALL NUMBER | |
| Classification number | QA76.73.P98 |
| Item number | D694 2016 |
| 082 00 - DEWEY DECIMAL CLASSIFICATION NUMBER | |
| Classification number | 005.133 |
| Edition number | 23 |
| Author Mark | DOW |
| 100 1# - MAIN ENTRY--PERSONAL NAME | |
| Personal name | Downey, Allen, |
| Relator term | author. |
| 9 (RLIN) | 104066 |
| 245 10 - TITLE STATEMENT | |
| Title | Think Python / |
| Statement of responsibility, etc. | Allen B. Downey. |
| 250 ## - EDITION STATEMENT | |
| Edition statement | 2nd edition, updated for Python 3. |
| 264 #1 - PRODUCTION, PUBLICATION, DISTRIBUTION, MANUFACTURE, AND COPYRIGHT NOTICE | |
| Place of production, publication, distribution, manufacture | Sebastopol, CA : |
| Name of producer, publisher, distributor, manufacturer | O'Reilly Media, |
| Date of production, publication, distribution, manufacture, or copyright notice | 2016 |
| 300 ## - PHYSICAL DESCRIPTION | |
| Extent | xx, 268 pages : |
| Other physical details | illustrations ; |
| Dimensions | 24 cm |
| 336 ## - CONTENT TYPE | |
| Content type term | text |
| Content type code | txt |
| Source | rdacontent |
| 337 ## - MEDIA TYPE | |
| Media type term | unmediated |
| Media type code | n |
| Source | rdamedia |
| 338 ## - CARRIER TYPE | |
| Carrier type term | volume |
| Carrier type code | nc |
| Source | rdacarrier |
| 500 ## - GENERAL NOTE | |
| General note | "How to think like a computer scientist" -- Cover. |
| 500 ## - GENERAL NOTE | |
| General note | Edition statement from cover. |
| 504 ## - BIBLIOGRAPHY, ETC. NOTE | |
| Bibliography, etc. note | Includes index. |
| 505 0# - FORMATTED CONTENTS NOTE | |
| Formatted contents note | The way of the program -- Variables, expressions and statements -- Functions -- Case Study: Interface design -- Conditionals and recursion -- Fruitful functions -- Iteration -- Strings -- Case study: Word play -- Lists -- Dictionaries -- Tuples -- Case study: Data structure selection -- Files -- Classes and objects -- Classes and functions -- Classes and methods -- Inheritance -- The goodies -- Debugging -- Analysis of algorithms. |
| 650 #0 - SUBJECT ADDED ENTRY--TOPICAL TERM | |
| Topical term or geographic name entry element | Python (Computer program language) |
| 906 ## - LOCAL DATA ELEMENT F, LDF (RLIN) | |
| a | 7 |
| b | cbc |
| c | copycat |
| d | 2 |
| e | ncip |
| f | 20 |
| g | y-gencatlg |
| 942 ## - ADDED ENTRY ELEMENTS (KOHA) | |
| Source of classification or shelving scheme | |
| Koha item type | Book |
| Edition | 2nd |
| Withdrawn status | Lost status | Source of classification or shelving scheme | Damaged status | Not for loan | Permanent Location | Current Location | Date acquired | Total Checkouts | Full call number | Barcode | Date last seen | Price effective from | Koha item type |
|---|---|---|---|---|---|---|---|---|---|---|---|---|---|
| School of Civil and Environmental Engineering (SCEE) | School of Civil and Environmental Engineering (SCEE) | 12/05/2022 | 005.133 DOW | 13628 | 12/05/2022 | 12/05/2022 | Book |
